| 000 | 00722nam a22001577a 4500 | ||
|---|---|---|---|
| 003 | OSt | ||
| 005 | 20151002105216.0 | ||
| 008 | 151002b xxu||||| |||| 00| 0 eng d | ||
| 040 | _cRUA | ||
| 082 | _aAVM ហូ 1989 B065 Or.1 | ||
| 100 |
_91736 _aហូ ប៊ុនយ៉េត |
||
| 245 | _aបណ្តាសន្ទស្សន៍ឈាមមួយចំនួនរបស់គោពេញវ័យនៅស្ថានីយ៍ចិញ្ចឹមគោពូជភ្នំតាម៉ៅនិងចិញ្ចឹមឯកជនអាស្រ័យទៅនិងពូជ និង បង្គំសរីរាង្គ | ||
| 260 |
_aPhnom Penh _bRUA _c1989 |
||
| 300 |
_a92p. _bill. _c29cm. |
||
| 942 |
_2ddc _cAVM |
||
| 999 |
_c1638 _d1638 |
||